Statistics for Countries that Start with G

Click here to take the quiz!

General Stats

  • This quiz has been taken 1,147,020 times
    (1,146,942 since last reset)
  • The average score is 8 of 11

Answer Stats

Country% Correct
Germany
92%
Ghana
78%
Guinea
75%
Guatemala
70%
Gambia
69%
Gabon
68%
Guyana
66%
Greece
64%
Georgia
62%
Grenada
59%
Guinea-Bissau
59%

Score Distribution

Percentile by Number Answered

Percent of People with Each Score

Your Score History

You have not taken this quiz since the last reset